=LDR 00000nam 2200000 4500 =001 000836 =005 20250712123740 =035 ##$$a 0010-0725000710 =007 ta =008 250712################a##########0#ind## =020 ##$$a 978-602-244-941-6 =082 ##$$a 398.209 598 =084 ##$$a 398.209 598 FRA n =100 #$$a fransisca emilia =245 1#$$a nanti saja /$c fransisca emilia =250 ##$$a pertama =260 ##$$a jakarta :$b kementrian pendidikan,kebudayaan,riset dan teknologi,$c 2022 =300 ##$$a 36hlm. : $b ilus. ; $c 17.5x25cm =990 ##$$a TBM202400811